000 00854nab a2200241u 4500
001 12058
003 HDC
007 c| |||a|c|aaaa
008 210208b99999999my ||||o |||| 00| 0 eng d
040 _aHDC
100 _aLouise Prance Miles /
_eauthor
_912435
245 0 _aCosmetics certification roundtable organized by Dubai Chamber of Commerce /
_cLouise Prance Miles
336 _atext
_2rdacontent
337 _acomputer
_2rdamedia
338 _aonline resource
_2rdacarrier
650 _aCosmetics certification
_912436
650 _ahalal and organic certification
_912437
710 _aGlobal Cosmetic News
856 _zRequest full-text at [email protected]
942 _2lcc
942 _cNEWS
942 _kNWS0 000989
999 _c9381
_d9381